Space systems acquisition and the industrial base : hearing before the Strategic Forces Subcommittee of the Committee on Armed Services, House of Representatives, One Hundred Eleventh Congress, first session, hearing held, April 30, 2009.

Bibliographic Details
Corporate Author: United States. Congress. House. Committee on Armed Services. Strategic Forces Subcommittee
Format: Government Document eBook
Language:English
Published: Washington : U.S. G.P.O., 2010.
Subjects:
Online Access:Electronic resource (PDF)

MARC

Tag First Indicator Second Indicator Subfields
LEADER 00000cam a22000001a 4500
001 in00004100586
005 20200117091323.0
006 m d f
007 cr bn mmmapmmp
008 100823s2010 dcua ob f000 0 eng d
035 |a chdc201000153 
040 |a UMI  |c UMI  |d UtOrBLW 
042 |a pcc 
043 |a n-us--- 
074 |a 1012-C-01 
086 0 |a Y 4.AR 5/2A:2009-2010/49 
088 |a H.A.S.C. no. 111-49 
110 1 |a United States.  |b Congress.  |b House.  |b Committee on Armed Services.  |b Strategic Forces Subcommittee.  |0 http://id.loc.gov/authorities/names/no2004027282 
245 1 0 |a Space systems acquisition and the industrial base :  |b hearing before the Strategic Forces Subcommittee of the Committee on Armed Services, House of Representatives, One Hundred Eleventh Congress, first session, hearing held, April 30, 2009. 
264 1 |a Washington :  |b U.S. G.P.O.,  |c 2010. 
264 2 |a Washington :  |b For sale by the Supt. of Docs., U.S. G.P.O. 
300 |a iii, 73 pages :  |b illustrations, digital, PDF file. 
336 |a text  |b txt  |2 rdacontent 
337 |a computer  |b c  |2 rdamedia 
338 |a online resource  |b cr  |2 rdacarrier 
500 |a Shipping list number: 2010-0303-P. 
500 |a "H.A.S.C. number 111-49." 
504 |a Includes bibliographical references. 
500 |a Record is based on bibliographic data in ProQuest Congressional Hearings Digital Collection. Reuse except for individual research requires license from ProQuest, LLC. 
500 |a Electronic resource. 
533 |a Electronic reproduction.  |b [Bethesda, Md.] :  |c ProQuest,  |d 2010.  |e digital, PDF file.  |n ProQuest U.S. Congressional Hearings Digital Collection.  |n Mode of access: World Wide Web via ProQuest website. 
538 |a System requirements: PDF reader software. 
610 1 0 |a United States.  |b Department of Defense  |x Procurement. 
650 0 |a Astronautics, Military  |z United States.  |0 http://id.loc.gov/authorities/subjects/sh2008117628 
650 0 |a Artificial satellites  |z United States. 
650 0 |a Weapons systems  |z United States. 
776 0 8 |i Print version:   |a United States. Congress. House. Committee on Armed Services. Strategic Forces Subcommittee.  |t Space systems acquisition and the industrial base  |w 9780160859243  |w 0160859247  |w (OCoLC)ocn648756039  |z 2010478479 
776 0 8 |i Microfiche version:   |a United States. Congress. House. Committee on Armed Services. Strategic Forces Subcommittee.  |t Space systems acquisition and the industrial base  |d [Bethesda, Md.] : ProQuest,[2010]  |o CIS 2010 H201-81  |w (ProQuest)cis01000200  
856 4 0 |u http://proxy.library.tamu.edu/login?url=http://search.proquest.com/congcomp/getdoc?HEARING-ID=HRG-2009-ASH-0036  |y Electronic resource (PDF)  |t 0 
998 |a cis01000200  
999 f f |s 1505fa06-f272-34c6-9790-258ec3787573  |i 583f2470-b08e-3b57-963e-7bf476f03908  |t 0 
952 f f |a Texas A&M University  |b College Station  |c Electronic Resources  |d Available Online  |t 0  |e Y 4.AR 5/2A:2009-2010/49  |h Superintendent of Documents classification 
998 f f |a Y 4.AR 5/2A:2009-2010/49  |t 0  |l Available Online